| 000 | 00658nam a2200181 i 4500 | ||
|---|---|---|---|
| 001 | bg | ||
| 100 | 1 | _aCIEŚŁUKOWSKI, Ryszard | |
| 245 | 0 |
_aRola zasobników ciepłej wody użytkowej w scentralizowanych systemach zaopatrzenia w ciepło / _cR. Cieślukowski. |
|
| 260 |
_aSzczecin, _c1983. |
||
| 490 | 1 |
_aPrace Naukowe Politechniki Szczecińskiej. Instytut Inżynierii Wodnej, _x0208-7154 ; _vnr 22 |
|
| 500 | _aNumeracja ser. gł. : nr 243. | ||
| 830 | 0 |
_aPrace Naukowe Politechniki Szczecińskiej. _pInstytut Inżynierii Wodnej ; _vnr 22 |
|
| 040 | _cBPK | ||
| 041 | _apol | ||
| 080 | _a697 | ||
| 942 | _cKS | ||
| 008 | s pl f |000 0 pol | ||
| 999 |
_c22721 _d22721 |
||
| 856 |
_uhttp://koha.tu.koszalin.pl/cgi-bin/koha/opac-detail.pl?biblionumber=22721 _yKatalog online BPK |
||